RPG II and RPG III programming / (Record no. 148373)
[ view plain ]
| 000 -LEADER | |
|---|---|
| fixed length control field | 00920nam a2200265 a 4500 |
| 003 - CONTROL NUMBER IDENTIFIER | |
| control field | OSt |
| 005 - DATE AND TIME OF LATEST TRANSACTION | |
| control field | 20251113114852.0 |
| 008 - FIXED-LENGTH DATA ELEMENTS--GENERAL INFORMATION | |
| fixed length control field | |
| 020 ## - INTERNATIONAL STANDARD BOOK NUMBER | |
| International Standard Book Number | 9780697009913 (Paperback) |
| 040 ## - CATALOGING SOURCE | |
| Transcribing agency | NUST |
| Original cataloging agency | NUST |
| Language of cataloging | eng |
| Modifying agency | NUST |
| Description conventions | rda |
| 050 ## - LIBRARY OF CONGRESS CALL NUMBER | |
| Classification number | QA76.73.R25 FEI |
| 100 1# - MAIN ENTRY--PERSONAL NAME | |
| Personal name | Feingold, Carl |
| Relator term | Author |
| 245 10 - TITLE STATEMENT | |
| Title | RPG II and RPG III programming / |
| Statement of responsibility, etc. | Carl Feingold, Howard Eulencamp and Steve Gonsoski. |
| 250 ## - EDITION STATEMENT | |
| Edition statement | Second edition. |
| 260 ## - PUBLICATION, DISTRIBUTION, ETC. | |
| Place of publication, distribution, etc. | Dubuque, Iowa : |
| Name of publisher, distributor, etc. | W. C. Brown, |
| Date of publication, distribution, etc. | ©1989. |
| 300 ## - PHYSICAL DESCRIPTION | |
| Extent | xii, 704 pages : |
| Other physical details | Illustrations ; |
| Dimensions | 28 cm. |
| 336 ## - CONTENT TYPE | |
| Source | rdacontent |
| Content type term | text |
| Content type code | txt |
| 337 ## - MEDIA TYPE | |
| Source | rdamedia |
| Media type term | unmediated |
| Media type code | n |
| 338 ## - CARRIER TYPE | |
| Source | rdacarrier |
| Carrier type term | volume |
| Carrier type code | nc |
| 504 ## - BIBLIOGRAPHY, ETC. NOTE | |
| Bibliography, etc. note | [ ] |
| 650 #0 - SUBJECT ADDED ENTRY--TOPICAL TERM | |
| Topical term or geographic name entry element | RPG (Computer program language). |
| 700 1# - ADDED ENTRY--PERSONAL NAME | |
| Personal name | Eulencamp, Howard |
| Relator term | Author |
| 700 1# - ADDED ENTRY--PERSONAL NAME | |
| Personal name | Gonsoski, Steve |
| Relator term | Author |
| 942 ## - ADDED ENTRY ELEMENTS (KOHA) | |
| Koha item type | Ordinary Loan Books |
| Call number prefix | QA |
| Source of classification or shelving scheme | Library of Congress Classification |
| Edition | Second edition. |
| Classification part | QA76.73.R25 FEI |
| Call number suffix | FEI |
| Suppress in OPAC | No |
| Withdrawn status | Lost status | Source of classification or shelving scheme | Damaged status | Not for loan | Collection | Home library | Current library | Shelving location | Date acquired | Source of acquisition | Cost, normal purchase price | Total Checkouts | Full call number | Barcode | Date last seen | Accession number | Cost, replacement price | Price effective from | Koha item type | Public note |
|---|---|---|---|---|---|---|---|---|---|---|---|---|---|---|---|---|---|---|---|---|
| LCC | 1 | NFIC | MAIN | MAIN | GEN | 11/13/2025 | Book Aid International | 80.00 | 1 | QA76.73.R25 FEI | 92003012854 | 01/23/2023 | 14918 | 80.00 | 11/13/2025 | BOOKS | Donation | |||
| LCC | 1 | NFIC | MAIN | MAIN | GEN | 11/13/2025 | Book Aid International | 80.00 | QA76.73.R25 FEI | 92003012573 | 11/13/2025 | 14917 | 80.00 | 11/13/2025 | BOOKS | Donation | ||||
| LCC | 1 | NFIC | MAIN | MAIN | GEN | 11/13/2025 | Book Aid International | 80.00 | QA76.73.R25 FEI | 92003012944 | 11/13/2025 | 14921 | 80.00 | 11/13/2025 | BOOKS | Donation |